000 00324nam a2200121Ia 4500
008 180219s9999 xx 000 0 und d
020 _a71122648
100 _aSeeley, Rod R.
245 _aEssentials of anatomy and physiology /
250 _a4th ed
260 _aNew york City
_bMcGraw Hill
_c2002
300 _aiii, 644 pages
999 _c356001
_d356001